|
|
|
|
| LEADER |
00000nam a22000007a 4500 |
| 005 |
20191002233928.0 |
| 007 |
cr|||| |||| |
| 008 |
191002s2019 ve |||||s|||| 00||0 spa d |
| 020 |
|
|
|a 9786139307876
|
| 035 |
|
|
|a 29036
|
| 040 |
|
|
|a vLex
|
| 090 |
|
|
|c 9688
|d 9688
|
| 100 |
1 |
|
|a Rios Martinez, Libia Noemi
|
| 245 |
1 |
2 |
|a La Agresin̤ entre reclusos en los Centros Penitenciarios Venezolanos
|h [Recurso electrn̤ico] /
|c Libia Noemi Rios Martinez
|
| 256 |
|
|
|a Servicio en ln̕ea
|
| 260 |
|
|
|a Caracas:
|b Editorial Acadm̌ica Espaǫla,
|c 2019
|
| 300 |
|
|
|a 1 recurso electrn̤ico
|
| 500 |
|
|
|a En el presente estudio de investigacin̤ se hace un anl̀isis de la Agresin̤ entre reclusos como pena excesiva e informal, para Aquel que entra en el Centro Penitenciario a esperar por un proceso penal o a cumplir una condena, responde a una violencia con su propia violencia debido a la desconfianza en la coherencia de las estructuras internas de los agentes de control social y en el rechazo de quienes los somete. Se identifican las condiciones que facilitan la agresin̤ entre reclusos a travš de la definicin̤ de los mecanismos que la justifican, examinando las responsabilidades de quienes compete el ejercicio de la autoridad y los efectos bajo los cuales se traduce la conducta agresiva entre reclusos; a travš de la explicacin̤ y descripcin̤ de hechos tomados de la conducta asumida por los reclusos para analizar una realidad que pasa desapercibida por los entes involucrados.
|
| 506 |
1 |
|
|a Disponible solo en los productos indicados
|d vLex Global
|d vLex Global (Academic Edition, excluding Law Schools)
|d vLex Global (U.S. Academic Edition, Law Schools)
|d vLex Global (U.S. Academic Edition, excluding Law Schools)
|d vLex Global (Academic Edition, Law Schools)
|
| 650 |
0 |
4 |
|a Derecho Penal
|z Venezuela
|
| 740 |
0 |
|
|a vLex Libros (Servicio en ln̕ea)
|
| 856 |
4 |
0 |
|u http://vlex.com/source/29036
|z Acceso restringido
|
| 942 |
|
|
|c BOOK
|
| 999 |
0 |
|
|a Criminal law
|